|
LDR
| 02820nam a2200733 i 4500 |
|---|
| 001 | 24245 |
|---|
| 003 | CZ-PrJAB |
|---|
| 005 | 20160929092247.0 |
|---|
| 007 | ta |
|---|
| 008 | 160301s2016 xr f 001 0 cze |
|---|
| 015 | | . |
‡acnb002779902 |
|---|
| 020 | | . |
‡a978-80-265-0450-4
‡q(brožováno) |
|---|
| 035 | | . |
‡a(CZ PrNK)nkc20162779902 |
|---|
| 035 | | . |
‡a(OCoLC)946295255 |
|---|
| 040 | | . |
‡aABA001
‡bcze
‡erda |
|---|
| 041 | 1 | . |
‡acze
‡heng |
|---|
| 045 | | . |
‡ay-y- |
|---|
| 072 | | 7. |
‡a159.95
‡xVyšší duševní procesy
‡2Konspekt
‡917 |
|---|
| 080 | | . |
‡a159.955
‡2MRF |
|---|
| 080 | | . |
‡a612.82
‡2MRF |
|---|
| 080 | | . |
‡a62:001.892
‡2MRF |
|---|
| 080 | | . |
‡a316.422.44
‡2MRF |
|---|
| 080 | | . |
‡a316.774:004.087
‡2MRF |
|---|
| 080 | | . |
‡a004+621.39
‡2MRF |
|---|
| 080 | | . |
‡a004.738.5:316.472.4
‡2MRF |
|---|
| 080 | | . |
‡a304
‡2MRF |
|---|
| 080 | | . |
‡a159.9
‡2MRF |
|---|
| 080 | | . |
‡a316.3/.6
‡2MRF |
|---|
| 080 | | . |
‡a(048.8)
‡2MRF |
|---|
| 100 | 1 | . |
‡aGreenfield, Susan,
‡d1950-
‡7xx0096485
‡4aut |
|---|
| 240 | 1 | 0. |
‡aMind change.
‡lČesky |
|---|
| 245 | 1 | 0. |
‡aZměna myšlení :
‡bjak se mění naše mozky pod vlivem digitálních technologií /
‡cSusan Greenfieldová ; překlad: Radek Vantuch |
|---|
| 246 | 3 | 0. |
‡aJak se mění naše mozky pod vlivem digitálních technologií |
|---|
| 250 | | . |
‡a1. vydání |
|---|
| 264 | | 1. |
‡aV Brně :
‡bBizbooks,
‡c2016 |
|---|
| 300 | | . |
‡a335 stran ;
‡c23 cm |
|---|
| 336 | | . |
‡atext
‡btxt
‡2rdacontent |
|---|
| 337 | | . |
‡abez média
‡bn
‡2rdamedia |
|---|
| 338 | | . |
‡asvazek
‡bnc
‡2rdacarrier |
|---|
| 500 | | . |
‡aPřeloženo z angličtiny |
|---|
| 504 | | . |
‡aObsahuje bibliografii, bibliografické odkazy a rejstřík |
|---|
| 648 | | 7. |
‡a21. století
‡7ch460559
‡2czenas |
|---|
| 650 | 0 | 7. |
‡amyšlení
‡7ph115391
‡2czenas |
|---|
| 650 | 0 | 7. |
‡amozek
‡7ph123008
‡2czenas |
|---|
| 650 | 0 | 7. |
‡avědecko-technický rozvoj
‡7ph127359
‡y21. století
‡2czenas |
|---|
| 650 | 0 | 7. |
‡aelektronická média
‡7ph119415
‡xpsychologické aspekty
‡2czenas |
|---|
| 650 | 0 | 7. |
‡aelektronická média
‡7ph119415
‡xsociální aspekty
‡2czenas |
|---|
| 650 | 0 | 7. |
‡ainformační a komunikační technologie
‡7ph752781
‡xpsychologické aspekty
‡2czenas |
|---|
| 650 | 0 | 7. |
‡ainternetové sociální sítě
‡7ph553933
‡xpsychologické aspekty
‡2czenas |
|---|
| 650 | 0 | 7. |
‡ačlověk a společnost
‡7ph116878
‡y21. století
‡2czenas |
|---|
| 650 | 0 | 9. |
‡athought and thinking
‡2eczenas |
|---|
| 650 | 0 | 9. |
‡abrain
‡2eczenas |
|---|
| 650 | 0 | 9. |
‡ascientific and technological development
‡y21st century
‡2eczenas |
|---|
| 650 | 0 | 9. |
‡aelectronic media
‡xpsychological aspects
‡2eczenas |
|---|
| 650 | 0 | 9. |
‡aelectronic media
‡xsocial aspects
‡2eczenas |
|---|
| 650 | 0 | 9. |
‡ainformation and communication technology
‡xpsychological aspects
‡2eczenas |
|---|
| 650 | 0 | 9. |
‡aInternet social networks
‡xpsychological aspects
‡2eczenas |
|---|
| 650 | 0 | 9. |
‡aman and society
‡y21st century
‡2eczenas |
|---|
| 655 | | 7. |
‡amonografie
‡7fd132842
‡2czenas |
|---|
| 655 | | 9. |
‡amonographs
‡2eczenas |
|---|
| 700 | 1 | . |
‡aVantuch, Radek
‡7xx0202405
‡4trl |
|---|
| 910 | | . |
‡aABG312 |
|---|
| 928 | 9 | . |
‡aAlbatros Media - BizBooks |
|---|
| 901 | | . |
‡a24245
‡b
‡c24245
‡tbiblio |
|---|